Study on land use master plan in areyksat town kandal province, សិក្សាពីការកសាងប្លង់គោលប្រើប្រាស់ដីនៅក្រុងអរិយក្សត្យ ខេត្តកណ្ដាល (Record no. 25767)

000 -LEADER
fixed length control field 00545nam a22001217a 4500
040 ## - CATALOGING SOURCE
Transcribing agency RUA
082 ## - DEWEY DECIMAL CLASSIFICATION NUMBER
Classification number LMA CHE 2025 B701 Or.1
100 ## - MAIN ENTRY--AUTHOR NAME
Personal name CHEANG PISETH, ជាង ពិសិដ្ឋ
245 ## - TITLE STATEMENT
Title Study on land use master plan in areyksat town kandal province, សិក្សាពីការកសាងប្លង់គោលប្រើប្រាស់ដីនៅក្រុងអរិយក្សត្យ ខេត្តកណ្ដាល
260 ## - PUBLICATION, DISTRIBUTION, ETC. (IMPRINT)
Place of publication PHNOM PENH
Name of publisher RUA
Year of publication 2025
300 ## - PHYSICAL DESCRIPTION
Number of Pages xii,51p.
Other physical details ill.
Dimensions 29cm.
942 ## - ADDED ENTRY ELEMENTS (KOHA)
Koha item type LMA
952 ## - LOCATION AND ITEM INFORMATION (KOHA)
Withdrawn status [LOCAL, KOHA] 0
952 ## - LOCATION AND ITEM INFORMATION (KOHA)
Withdrawn status [LOCAL, KOHA] 0
Holdings
Permanent Location Date acquired Koha item type Lost status Shelving location Barcode Current Location Full call number
Library Block B2026-05-15LMA B701B712338Library Block BLMA CHE 2025 B701 Or.2
Library Block B2026-05-15LMA B701B712390Library Block DLMA CHE 2025 B701 Or.1
មជ្ឈមណ្ឌលឯការនៃសាកលវិទ្យាល័យភូមិន្ទកសិកម្មចំការដូង

Powered by Koha